1800 1089 1615 1624 1221 1577 1805 1396 1075 1674 1884 1751 1090 1129 1875 1040 1079 1682 1932 1343 1699 1741 1319 1909 1787 1047 1088 1160 1181 1087 1885 1730 1258 1658 1717 1343 1922 1919 1220 1635 1409 1678 1479 1676 1128 1716 1893 1977 1857 1341 1636 1989 1768 1798 1735 1997 1113 1641 1512 1253 1080 1654 1414 1123 1264 1845 1148 1458 1741 1906 1688 1620 1576 1394 1577 1729 1617 1630 1012 1302 1217 1177 1980 1282 1891 1195 1088 1379 1076 1753 1420 1311 1864 1067 1695 1154 1516 1277 1968 BCNSPRNW ULIB Ver.6.0+V

เปลี่ยนเป็นภาษาไทย

Change to English
 แสดงรายละเอียดบรรณานุกรม
  กลับหน้าหลัก

Brief Record : Get Marc (ISO 2709) : E-mail record : QR code < ปิดหน้าต่าง
LEADER : 00000nam 2200000uu 4500
001    13399126526
003     ULIB
008    181008s2555||||th 000 0 tha d
020    ^a9789740330165^c130
060 04 ^aWL346^bจ425ค
100 0  ^aจิตติมา เจริญลิ้มประเสริฐ
245 10 ^aคู่มือการออกกำลังกาย :^bแบบช่วยทำการเคลื่อนไหวข้อต่อในผู้ป่วยอัมพาต (ความรู้เบื้องต้นสำหรับผู้ป่วยและผู้ดูแล) /^cจิตติมา เจริญลิ้มประเสริฐ
250    ^aพิมพ์ครั้งที่ 1
260    ^aกรุงเทพฯ :^bสำนักพิมพ์แห่งจุฬาลงกรณ์มหาวิทยาลัย,^c2555
300    ^a47 หน้า :^bภาพประกอบ ;^c26 ซม. +^eซีดีรอม 1 แผ่น
650  4 ^aการออกกำลังกาย^xเครื่องมือและอุปกรณ์
650  4 ^aอัมพาต^xผู้ป่วย^xการรักษาด้วยการออกกำลังกาย^vคู่มือ
650  4 ^aอัมพาต^xผู้ป่วย^xการฟื้นฟูสมรรถภาพ
650  4 ^aอัมพาต^xกายภาพบำบัด
650  4 ^aกายบริหารยืดเส้น^vคู่มือ
650  4 ^aการออกกำลังกาย^vคู่มือ
945    ^p130^l0^i004700
945    ^p130^l0^i004699
945    ^p130^l0^i004698
945    ^p130^l0^i004701
945    ^p130^l0^i004697
945    ^p130^l0^i004692
945    ^p130^l0^i004693
945    ^p130^l0^i004696
945    ^p130^l0^i004694
945    ^p130^l0^i004695
999    ^aประนอม เกษจรัล
รายการนี้ยังไม่มีแท็ก
คุณยังไม่ได้ล็อกอิน คุณสามารถมีกิจกรรมร่วมกับเว็บไซต์ได้ แต่ต้องล็อกอินก่อน ::
  ล็อกอิน

รายการสื่อสารสนเทศ

ลำดับที่ ประเภท เลขเรียก/บาร์โค้ด สถานที่ สถานะ
1. วิทยาศาสตร์การแพทย์ และสุขภาพ
หนังสือสำรอง
สถานะ=หนังสือสำรอง
WL346 จ425ค ฉ.1 
  Barcode: 004692
ห้องสมุดวิทยาเขตสวรรค์ประชารักษ์
►ส่วนจัดเก็บหนังสือเก่า สปร
บนชั้น
  ขอยืม
2. วิทยาศาสตร์การแพทย์ และสุขภาพ
วิทยาศาสตร์การแพทย์ และสุขภาพ
WL346 จ425ค ฉ.10 
  Barcode: 004701
ห้องสมุดวิทยาเขตสวรรค์ประชารักษ์
►ส่วนจัดเก็บหนังสือเก่า สปร
บนชั้น
  ขอยืม
3. วิทยาศาสตร์การแพทย์ และสุขภาพ
วิทยาศาสตร์การแพทย์ และสุขภาพ
WL346 จ425ค ฉ.2 
  Barcode: 004693
ห้องสมุดวิทยาเขตสวรรค์ประชารักษ์
►ส่วนจัดเก็บหนังสือเก่า สปร
บนชั้น
  ขอยืม
4. วิทยาศาสตร์การแพทย์ และสุขภาพ
วิทยาศาสตร์การแพทย์ และสุขภาพ
WL346 จ425ค ฉ.3 
  Barcode: 004694
ห้องสมุดวิทยาเขตสวรรค์ประชารักษ์
►ส่วนจัดเก็บหนังสือเก่า สปร
บนชั้น
  ขอยืม
5. วิทยาศาสตร์การแพทย์ และสุขภาพ
วิทยาศาสตร์การแพทย์ และสุขภาพ
WL346 จ425ค ฉ.4 
  Barcode: 004695
ห้องสมุดวิทยาเขตสวรรค์ประชารักษ์
►ส่วนจัดเก็บหนังสือเก่า สปร
บนชั้น
  ขอยืม
6. วิทยาศาสตร์การแพทย์ และสุขภาพ
วิทยาศาสตร์การแพทย์ และสุขภาพ
WL346 จ425ค ฉ.5 
  Barcode: 004696
ห้องสมุดวิทยาเขตสวรรค์ประชารักษ์
►ส่วนจัดเก็บหนังสือเก่า สปร
บนชั้น
  ขอยืม
7. วิทยาศาสตร์การแพทย์ และสุขภาพ
วิทยาศาสตร์การแพทย์ และสุขภาพ
WL346 จ425ค ฉ.6 
  Barcode: 004697
ห้องสมุดวิทยาเขตสวรรค์ประชารักษ์
►ส่วนจัดเก็บหนังสือเก่า สปร
บนชั้น
  ขอยืม
8. วิทยาศาสตร์การแพทย์ และสุขภาพ
วิทยาศาสตร์การแพทย์ และสุขภาพ
WL346 จ425ค ฉ.7 
  Barcode: 004698
ห้องสมุดวิทยาเขตสวรรค์ประชารักษ์
►ส่วนจัดเก็บหนังสือเก่า สปร
บนชั้น
  ขอยืม
9. วิทยาศาสตร์การแพทย์ และสุขภาพ
วิทยาศาสตร์การแพทย์ และสุขภาพ
WL346 จ425ค ฉ.8 
  Barcode: 004699
ห้องสมุดวิทยาเขตสวรรค์ประชารักษ์
►ส่วนจัดเก็บหนังสือเก่า สปร
บนชั้น
  ขอยืม
10. วิทยาศาสตร์การแพทย์ และสุขภาพ
วิทยาศาสตร์การแพทย์ และสุขภาพ
WL346 จ425ค ฉ.9 
  Barcode: 004700
ห้องสมุดวิทยาเขตสวรรค์ประชารักษ์
►ส่วนจัดเก็บหนังสือเก่า สปร
บนชั้น
  ขอยืม

รายการใกล้เคียง
    ผู้แต่ง [จิตติมา เจริญลิ้มประเสริฐ]

BibComment


ยังไม่เคยถูกคอมเมนท์

คอมเมนท์ทรัพยากรรายการนี้
  คอมเมนท์: คู่มือการออกกำลั..


 Copyright 2026. Bcnsprnw @Library